Normal view
MARC view
Entry Topical Term
001 - CONTROL NUMBER
- control field: 7170
003 - CONTROL NUMBER IDENTIFIER
- control field: BD-RjUL
005 - DATE AND TIME OF LATEST TRANSACTION
- control field: 20230318152223.0
008 - FIXED-LENGTH DATA ELEMENTS
- fixed length control field: 230318|| aca||aabn | a|a d
040 ## - CATALOGING SOURCE
- Original cataloging agency: BD-RjUL
- Transcribing agency: BD-RjUL
150 ## - HEADING--TOPICAL TERM
- Topical term or geographic name entry element: Group people
- Geographic subdivision: Rajshahi
670 ## - SOURCE DATA FOUND
- Source citation: Work cat.: (BD-RjUL)81293: Hossain, Md. Ismail 6705, Prevalence and associated factors of malnutrition among primary School Children in Rajshahi District of Bangladesh / , 2019